000 00457nam a2200181 4500
001 26921
005 20230410115838.0
008 060907n2004 dr spa
020 _a1844675106
035 _9funglode27125
041 _aEN
050 1 4 _aHN 18.3 G349a 2004
100 _aGeorge, Susan
245 1 _aAnother world is possible if... /
_cSusan George
260 _aLondon :
_bVerso,
_c2004
300 _axiii, 268 p
942 _2lcc
_cbk
999 _c49101
_d49101